| 000 | 00708nam a2200241 a 4500 | ||
|---|---|---|---|
| 001 | nice12345678 | ||
| 003 | IN_TiNIC | ||
| 005 | 20260116012304.0 | ||
| 008 | 050524s1984 bira grp 000 0 eng | ||
| 020 |
_a _c100 |
||
| 082 | 0 | 0 |
_a305.629704 _bCEN |
| 245 |
_aResearch Programme on Muslims in Europe _b Recent Acquisitions No.3-4 |
||
| 260 |
_aBirmingham _bCentre for Study of Islam & Christian M _c1984 |
||
| 300 | _a28p | ||
| 500 | _aincludes index and biblioraphy | ||
| 505 | 2 | _aIndex | |
| 650 | _aReconciliation-Interfaith Musl Chri | ||
| 650 | _aMuslims-Europe-Bibliography | ||
| 710 | 2 | _aCentre for the Study of Islamand Chris Muslim Re | |
| 902 | _bSRS | ||
| 942 | _cBK | ||
| 999 |
_c6407 _d6407 |
||